000 00296nam a2200109Ia 4500
008 190216s9999||||xx |||||||||||||| ||und||
100 _aMisra S K & Puri V K
245 0 _aDevelopment And Planning Theory And Practice
260 _bHimalaya Publishing House
650 _aEconomics
942 _cBK
999 _c9778
_d9778